000 00382nam a2200133Ia 4500
008 220217s9999||||xx |||||||||||||| ||und||
020 _a0-07-049511-4
082 _a005.13 SHA
100 _aShapiro, Jeffrey, R
_95530
245 0 _aComplete reference visual .Net
260 _aTata mcgraw hill company Ltd
_bNew Delhi
_c2007
300 _b525
650 _aPROGRAMMING LANGUAGE
999 _c176538
_d176538